[Event "Ulm/Neu Ulm-ch"]
[Site "Ulm/Neu Ulm"]
[Date "2017.10.20"]
[Round "3"]
[White "Haendel, Eckhard"]
[Black "Hoffart, Alexander"]
[Result "0-1"]
[WhiteElo "1520"]
[BlackElo "1728"]
[PlyCount "74"]
[EventDate "2017.09.22"]
[EventType "swiss"]
[EventRounds "7"]
[EventCountry "GER"]
[SourceTitle "EXT 2019"]
[Source "ChessBase"]
[SourceDate "2018.10.10"]
[SourceVersion "1"]
[SourceVersionDate "2018.10.10"]
[SourceQuality "1"]

1. e4 c6 2. Nf3 d5 3. exd5 cxd5 4. d4 Nf6 5. Ne5 a6 6. Be2 Nc6 7. Nxc6 bxc6 8. 0-0 Bf5 9. Nd2 e6 10. Nf3 Bd6 11. h3 Qc7 12. Bd3 Bg6 13. Re1 Bh5 14. Be2 Ne4 15. Ng5 Bh2+ 16. Kf1 Bg6 17. Nxe4 dxe4 18. Bc4 Bd6 19. Qe2 0-0 20. c3 Be7 21. Kg1 a5 22. Bb3 Kh8 23. Bc2 f5 24. g3 Bd6 25. Qf1 Rae8 26. a3 Bh5 27. Bd1 Bg6 28. Bc2 e5 29. Qg2 exd4 30. cxd4 Qb6 31. Ba4 f4 32. g4 Qxd4 33. Bxc6 Re7 34. Bd2 f3 35. Qh1 Qxd2 36. Rad1 Qf4 37. Rd4 Bc5 0-1

[Event "Staufer op 21st"]
[Site "Schwaebisch Gmuend"]
[Date "2009.01.03"]
[Round "4"]
[White "Metz, Hartmut"]
[Black "Hoffart, Alexander"]
[Result "1-0"]
[WhiteElo "2298"]
[BlackElo "2049"]
[PlyCount "59"]
[EventDate "2009.01.02"]
[EventType "swiss"]
[EventRounds "9"]
[EventCountry "GER"]
[SourceTitle "CBM 128 Extra"]
[Source "ChessBase"]
[SourceDate "2009.03.05"]
[SourceVersion "2"]
[SourceVersionDate "2009.03.25"]
[SourceQuality "1"]

1. e4 c6 2. d4 d5 3. exd5 cxd5 4. Nf3 Nf6 5. c3 e6 6. Nbd2 Bd7 7. Ne5 Bd6 8. Bd3 Bc6 9. Qe2 Nbd7 10. f4 Qc7 11. 0-0 g6 12. Rf3 Rf8 13. a4 a5 14. b3 0-0-0 15. Bb2 Rde8 16. Rff1 Ng8 17. b4 Nxe5 18. fxe5 Be7 19. b5 Bd7 20. c4 Kb8 21. Rfc1 Qb6 22. c5 Qc7 23. b6 Qd8 24. Nf3 Bg5 25. Rc2 f6 26. Qe1 Bc6 27. Nxg5 fxg5 28. Qxa5 Kc8 29. Bb5 Ne7 30. Qa8+ 1-0

[Event "Ulm/Neu Ulm-ch"]
[Site "Ulm/Neu Ulm"]
[Date "2005.??.??"]
[Round "?"]
[White "Linder, Peter"]
[Black "Hoffart, Alexander"]
[Result "1-0"]
[WhiteElo "2029"]
[BlackElo "1899"]
[PlyCount "75"]
[EventDate "2005.11.26"]
[EventType "swiss"]
[EventRounds "7"]
[EventCountry "GER"]
[SourceTitle "EXT 2011"]
[Source "ChessBase"]
[SourceDate "2010.11.26"]
[SourceVersion "1"]
[SourceVersionDate "2010.11.26"]
[SourceQuality "1"]

1. e4 e5 2. Nf3 Nc6 3. Bb5 a6 4. Ba4 Nf6 5. 0-0 d6 6. Re1 Bg4 7. c3 Be7 8. d4 b5 9. Bc2 Bxf3 10. gxf3 exd4 11. cxd4 Nb4 12. Bb3 c5 13. a3 Nc6 14. Be3 Nd7 15. Nc3 Bf6 16. dxc5 dxc5 17. Bxf7+ Kxf7 18. Qd5+ Ke7 19. Qxc6 Ne5 20. Qb7+ Ke6 21. Kg2 Nd3 22. Red1 Bxc3 23. bxc3 c4 24. a4 Qd7 25. Qb6+ Qd6 26. a5 Rab8 27. Qxd6+ Kxd6 28. Bf4+ Ke6 29. Bxb8 Rxb8 30. f4 Nxf4+ 31. Kf3 Nd3 32. Ke3 Rd8 33. f3 g5 34. Rg1 h6 35. h4 Ne5 36. Raf1 Kf6 37. hxg5+ hxg5 38. f4 1-0